000 00618nam a22001577a 4500
003 OSt
005 20151004093424.0
008 151004b xxu||||| |||| 00| 0 eng d
040 _cRUA
082 _aAVM ង៉ែត 1989 B065 Or.1
100 _91968
_aង៉ែត សុទ្ធារ៉ា
245 _aសន្ទស្សន៍មួយចំនូួននៃមុខងាររបស់់មេជ្រូកពូជនៅកសិដ្ឋានចិញ្ចឹមជ្រូកស្ទឹងមានជ័យ
260 _aPhnom Penh
_bRUA
_c1989
300 _a76p.
_bill.
_c29cm.
942 _2ddc
_cAVM
999 _c1860
_d1860